000 00975nam a2200289 i 4500
003 DO-SdBNP
005 20241011145346.0
007 ta
008 241011s2013 dr 001 0 spa d
020 _a9789945498004
040 _aDO-SdBNP
_bspa
_cBNPHU
_erda
082 _bC719
_222
245 1 3 _a1er. coloquio sobre la presencia de África en las Antillas y en el Caribe /
_ceditor José G. Guerrero
264 1 _aSanto Domingo :
_bEditora Universitaria,
_c2013.
300 _a390 páginas
_c22 cm.
336 _atexto
_btxt
_2rdacontent
337 _asin mediación
_bn
_2rdamedia
338 _avolumen
_bnc
_2rdacarrier
490 1 _aUniversidad Autónoma de Santo Domingo
_v1573
490 1 _aHistoria y sociedad
_v109
504 _aBibliografía p: 389-390.
590 _aInventariado, 2024/ YL
650 4 _aSindicalismo
_zRepública Dominicana
_xEnseñanza
_953988
650 4 _aSindicatos
_zRepública Dominicana
_97318
910 _aYLockward
942 _2ddc
_cLBS1
999 _c57833
_d57833